000 01086nam a22002657a 4500
003 PE SENCICO BE
005 20251020182652.0
008 240214b |||||||| |||| 00| 0 eng d
040 _aPE SENCICO BE
_cPE SENCICO BE
041 _aspa
084 _aI
_aDIS
_a2018
_bH52
100 1 _91957
_aHijar Bracamonte, Ingrid Rocío
_eautor
245 1 _aTaller automotriz "Clinic Cars" /
_cIngrid Rocío Hijar Bracamonte
260 _aLima :
_c2018
300 _a[70] h. :
_bil. col., plans. ;
_c30 x 40 cm.
500 _aEl volumen 2 contiene planos.
502 _aMonografía de Titulación.-- Servicio Nacional de Capacitación para la Industria de la Construcción. Escuela Superior Técnica. Carrera Profesional Técnica en Diseño de Interiores, 2018
650 1 0 _944
_aDiseño de interiores
650 2 0 _91959
_aMantenimiento de automóviles
650 2 0 _91958
_aTalleres mecánicos
650 2 0 _9615
_aPlanos
710 1 _aServicio Nacional de Capacitación para la Industria de la Construcción.
_bEscuela Superior Técnica
_91065
910 _bhfp
_chfp
942 _cMON
_2ddc
999 _c4569
_d4569